00752nam a2200265Ia 450000100060000000300090000600800410001504000130005604000130006904100130008210000170009510000290011224500430014124500270018425000110021126000090022226000200023126000490025130000590030050000290035965000150038865000310040370000240043470000280045814624IT-RoPAU130308s9999 xx 000 0 und d aIT-RoPAU cIT-RoPAU aITALIANO aRicoeur Paul gCodice Aut. SPICS: 2052 aStrutturalismo e filosofia del senso  bSfida semiologica (La) a1a ed. aROMA bArmando Armando c1974 [1° Ed.:1974 - Ed.Ling.Originale:1974] a"33 p. (prefazione: no ; testo: 33 [pagine: 313-345])" aDialogo tra I Due Autori aSEMIOLOGIA eCodice materia Spics: 3251 aLevi-Strauss Claude gCodice Aut. SPICS: 4654